KOHA-Header-6

Financial Accounting (Record no. 637)

000 -LEADER
fixed length control field 00300nam a2200109Ia 4500
008 - FIXED-LENGTH DATA ELEMENTS--GENERAL INFORMATION
fixed length control field 190722s9999 xx 000 0 und d
020 ## - INTERNATIONAL STANDARD BOOK NUMBER
International Standard Book Number 978-0-07-058155-5
100 ## - MAIN ENTRY--PERSONAL NAME
Personal name Mukherjee, Hanif
245 #0 - TITLE STATEMENT
Title Financial Accounting
260 ## - PUBLICATION, DISTRIBUTION, ETC. (IMPRINT)
Place of publication, distribution, etc New Delhi
Name of publisher, distributor, etc McGraw Hill Education (india) Pvt. Ltd.
Date of publication, distribution, etc 2013
942 ## - ADDED ENTRY ELEMENTS (KOHA)
Koha item type Books
Holdings
Withdrawn status Lost status Damaged status Not for loan Collection code Permanent Location Current Location Shelving location Date acquired Total Checkouts Full call number Barcode Date last seen Date checked out Price effective from Koha item type
          MAJU MAJU   2019-07-22 3 HD28 7263 2023-05-23 2023-05-22 2019-07-22 Accounting

Powered by Koha